000 02518nam0a2200385 4500
001 RU\NLR\BIBL_A\016314054
005 20230427131657.0
010 _a978-5-6045748-7-4
_9100
021 _aRU
_bКН-П-23-006434
_9КН-П-23-0624
035 _a(NLR Aleph) 016314054
035 _a(RuMoRGB)011571968
090 _a13011573
_c13011573
100 _a20230317d2022 u y0rusy50 ca
101 0 _arus
102 _aRU
105 _aa j 000zy
181 0 _ai
_baxxe
182 0 _an
200 1 _aХирургическая коррекция фиксированной молоткообразной деформации малых пальцев стопы
_eучебное пособие [для врачей]
_fПахомов Игорь Анатольевич, врач-травмотолог-ортопед, доктор медицинских наук, Гуди Сергей Михайлович, врач-травмотолог-ортопед, кандидат медицинских наук, Кирилова Ирина Анатольевна, врач-травмотолог-ортопед, доктор медицинских наук
_gФедеральное государственное бюджетное учреждение "Новосибирский научно-исследовательский институт травматологии и ортопедии имени Я. Л. Цивьяна" Министерства здравоохранения Российской Федерации
203 _aТекст
_bвизуальный
_cнепосредственный
210 _aНовосибирск
_cННИИТО им. Я. Л. Цивьяна
_d2022
215 _a51 с.
_cил., цв. ил.
_d21
320 _aБиблиогр.: с. 50-51
606 1 _aПальцы стопы
_xДеформации
_xХирургическое лечение
_jУчебные издания
_2nlr_sh2
_3RU\NLR\AUTH\6601701333
675 _a616.718.9-089(075.8)
_v4
686 1 _aР458.285.704.0-59я77
700 1 _aПахомов
_bИ. А.
_gИгорь Анатольевич
701 1 _aГуди
_bС. М.
_gСергей Михайлович
701 1 _aКирилова
_bИ. А.
_gИрина Анатольевна
712 0 2 _aНовосибирский НИИ травматологии и ортопедии им. Я. Л. Цивьяна
_3RU\NLR\AUTH\889964359
_4475
942 _cBOOK
980 _aNB